[Event "DRUGA LIGA CENTRALNE SRBIJE - ISTOK 2017"]
[Site "Srebrno jezero"]
[Date "2017.09.09"]
[Round "2.1"]
[White "Stoimenov, Roki"]
[Black "Todorovic, Bojan"]
[Result "0-1"]
[WhiteElo "2016"]
[BlackElo "2351"]
[PlyCount "52"]
[EventDate "2017.09.08"]

1. Nf3 g6 2. g3 Bg7 3. Bg2 Nf6 4. O-O O-O 5. d3 c5 6. e4 Nc6 7. c3 d6 8. Nbd2
Rb8 9. Nh4 b5 10. f4 Ng4 11. Ndf3 b4 12. d4 bxc3 13. bxc3 cxd4 14. h3 Ne3 15.
Bxe3 dxe3 16. Qc2 Qa5 17. Rae1 Ba6 18. Rxe3 Bxf1 19. Bxf1 Qc5 20. Ng2 Nd4 21.
Qf2 Nxf3+ 22. Qxf3 Rb2 23. a4 Bxc3 24. Kh2 Ba5 25. h4 Bb6 26. Be2 Qc2 0-1

[Event "DRUGA LIGA CENTRALNE SRBIJE - ISTOK 2017"]
[Site "Srebrno jezero"]
[Date "2017.09.09"]
[Round "2.1"]
[White "Nikolic, Boban"]
[Black "Igic, Vladan"]
[Result "1-0"]
[WhiteElo "2248"]
[BlackElo "1989"]
[PlyCount "105"]
[EventDate "2017.09.08"]

1. Nf3 Nf6 2. d4 e6 3. g3 b6 4. Bg2 Bb7 5. O-O Be7 6. b3 O-O 7. Bb2 c5 8. dxc5
bxc5 9. c4 d5 10. cxd5 Nxd5 11. Nc3 Nxc3 12. Bxc3 Nc6 13. Qxd8 Rfxd8 14. Ne5
Nxe5 15. Bxb7 Rab8 16. Be4 Nd7 17. Rac1 Nf6 18. Bd3 Nd5 19. Ba5 Nb6 20. Rfd1
Rd5 21. e4 Rd7 22. Kf1 Rbd8 23. Ke2 Rd4 24. Bc3 R4d7 25. a4 c4 26. Bxc4 Nxc4
27. bxc4 Rxd1 28. Rxd1 Rxd1 29. Kxd1 Bc5 30. f3 Kf8 31. Ke2 g6 32. Kd3 a6 33.
Bd4 Bb4 34. c5 Ke7 35. Kc4 Be1 36. Be3 Kd7 37. f4 Kc6 38. f5 exf5 39. exf5 h5
40. fxg6 fxg6 41. Kd4 Bb4 42. Ke5 Bxc5 43. Bg5 Bg1 44. h4 Bf2 45. Bf4 Kd7 46.
Kf6 Be1 47. Kxg6 Ke6 48. Kxh5 Kf5 49. Bc7 Bf2 50. g4+ Kf6 51. Bd8+ Kg7 52. Kg5
Be3+ 53. Kf5 1-0

[Event "DRUGA LIGA CENTRALNE SRBIJE - ISTOK 2017"]
[Site "Srebrno jezero"]
[Date "2017.09.09"]
[Round "2.1"]
[White "Djordjevic, Lazar**"]
[Black "Jovanovic, Bojan P*"]
[Result "0-1"]
[WhiteElo "1833"]
[BlackElo "2241"]
[PlyCount "82"]
[EventDate "2017.09.08"]

1. e4 g6 2. d4 Bg7 3. Nf3 d6 4. Nc3 Nd7 5. Be3 a6 6. a4 b6 7. Bc4 e6 8. O-O Bb7
9. Qd3 Ne7 10. Ne2 Nf6 11. e5 Nd7 12. exd6 cxd6 13. Bf4 Nf6 14. c3 Qc7 15. Ng3
O-O 16. Rfe1 Qc6 17. Bg5 Rfe8 18. Bb3 b5 19. Bd2 Ned5 20. Ne4 Nh5 21. axb5 axb5
22. c4 bxc4 23. Bxc4 Qb6 24. Bxd5 Bxd5 25. Bc3 f5 26. Rxa8 Rxa8 27. Neg5 Re8
28. Nh3 h6 29. Nh4 Kf7 30. g4 Nf6 31. gxf5 gxf5 32. Qg3 Ng4 33. Qd3 Qc6 34.
Nxf5 exf5 35. Qxf5+ Nf6 36. Ra1 Qd7 37. Qxd7+ Nxd7 38. Nf4 Bf3 39. h3 Rg8 40.
Kh2 Bf6 41. Ra7 Ke7 0-1

[Event "DRUGA LIGA CENTRALNE SRBIJE - ISTOK 2017"]
[Site "Srebrno jezero"]
[Date "2017.09.09"]
[Round "2.1"]
[White "Perovic, Zivojin**"]
[Black "Pejcic, Marko**"]
[Result "1-0"]
[WhiteElo "2180"]
[BlackElo "1194"]
[PlyCount "55"]
[EventDate "2017.09.08"]

1. e4 e5 2. Bc4 Nf6 3. d3 Bc5 4. Nf3 d6 5. O-O Bg4 6. Nbd2 Nc6 7. c3 Nh5 8. h3
Be6 9. Bxe6 fxe6 10. Nxe5 dxe5 11. Qxh5+ g6 12. Qe2 Qd7 13. b4 Bb6 14. Nc4 Rf8
15. Bg5 a6 16. a4 Qg7 17. Nxb6 cxb6 18. Qg4 Kd7 19. b5 Na5 20. Rab1 h6 21. Be3
h5 22. Qe2 axb5 23. Rxb5 Nc6 24. Rxb6 Rxa4 25. Rxb7+ Ke8 26. Rxg7 Ne7 27. Qb2
Ra8 28. Qb5+ 1-0

[Event "DRUGA LIGA CENTRALNE SRBIJE - ISTOK 2017"]
[Site "Srebrno jezero"]
[Date "2017.09.09"]
[Round "2.2"]
[White "Golubovic, Zoran"]
[Black "Livaja, Mario"]
[Result "1/2-1/2"]
[WhiteElo "2274"]
[BlackElo "2314"]
[PlyCount "37"]
[EventDate "2017.09.08"]

1. d4 Nf6 2. c4 e6 3. Nc3 Bb4 4. a3 Bxc3+ 5. bxc3 d6 6. f3 O-O 7. e4 e5 8. Bd3
Nc6 9. Ne2 b6 10. Be3 Ba6 11. Ng3 Na5 12. Qe2 Qe8 13. a4 Bc8 14. O-O c5 15. d5
Bd7 16. h3 Kh8 17. f4 Ng8 18. Ra3 f6 19. Rfa1 1/2-1/2

[Event "DRUGA LIGA CENTRALNE SRBIJE - ISTOK 2017"]
[Site "Srebrno jezero"]
[Date "2017.09.09"]
[Round "2.2"]
[White "Zivkovic, Marko"]
[Black "Keca, Dragomir"]
[Result "1/2-1/2"]
[WhiteElo "2194"]
[BlackElo "2174"]
[PlyCount "76"]
[EventDate "2017.09.08"]

1. d4 d5 2. c4 e6 3. Nc3 Be7 4. Nf3 Nf6 5. e3 c5 6. cxd5 exd5 7. Bb5+ Bd7 8.
Bxd7+ Nbxd7 9. O-O O-O 10. b3 Qa5 11. Bb2 Rfd8 12. Qd3 Rac8 13. Rac1 c4 14. Qb1
b5 15. e4 b4 16. e5 Ne8 17. Nd1 c3 18. Ba1 Qb6 19. Ne3 Qe6 20. Ne1 g6 21. Nd3
Nf8 22. g4 Qb6 23. Nf4 Nc7 24. Qd3 Nfe6 25. Ne2 Nb5 26. Rcd1 f6 27. a4 Nbc7 28.
exf6 Bxf6 29. f4 Ng7 30. g5 Be7 31. Ng3 Rf8 32. h4 Bd6 33. a5 Qc6 34. Ng4 Rxf4
35. Nh6+ Kh8 36. Rxf4 Bxf4 37. Nf7+ Kg8 38. Nh6+ Kh8 1/2-1/2

[Event "DRUGA LIGA CENTRALNE SRBIJE - ISTOK 2017"]
[Site "Srebrno jezero"]
[Date "2017.09.09"]
[Round "2.2"]
[White "Radivojevic, Milan Z"]
[Black "Kulak, Dejan"]
[Result "0-1"]
[WhiteElo "2083"]
[BlackElo "2180"]
[PlyCount "33"]
[EventDate "2017.09.08"]

1. c4 e5 2. Nc3 Nc6 3. g3 f5 4. Bg2 Nf6 5. d3 Bb4 6. Bd2 Bxc3 7. Bxc3 d6 8. a4
O-O 9. e3 f4 10. b4 Ne7 11. e4 Ng4 12. h3 fxg3 13. hxg4 gxf2+ 14. Kf1 fxg1=Q+
15. Kxg1 Ng6 16. d4 Qg5 17. Bd2 0-1

[Event "DRUGA LIGA CENTRALNE SRBIJE - ISTOK 2017"]
[Site "Srebrno jezero"]
[Date "2017.09.09"]
[Round "2.2"]
[White "Zivic, Dragan"]
[Black "Zivic, Jovan"]
[Result "1-0"]
[WhiteElo "2181"]
[BlackElo "2090"]
[PlyCount "48"]
[EventDate "2017.09.08"]

1. e4 e6 2. d4 d5 3. Nd2 Be7 4. Ngf3 Nf6 5. e5 Nfd7 6. Bd3 c5 7. c3 Nc6 8. Qe2
Qb6 9. Qe3 h6 10. h4 a5 11. Rh3 a4 12. Rg3 Bf8 13. a3 Rb8 14. Rg4 Qc7 15. Ng1
cxd4 16. cxd4 b5 17. Ne2 Qa7 18. Nc3 Ba6 19. b4 g5 20. h5 Ndxe5 21. dxe5 Qxe3+
22. fxe3 Nxe5 23. Be2 Bg7 24. Bb2 O-O 1-0

[Event "DRUGA LIGA CENTRALNE SRBIJE - ISTOK 2017"]
[Site "Srebrno jezero"]
[Date "2017.09.09"]
[Round "2.2"]
[White "Zivkovic, Ljubisa"]
[Black "Stankovic, Dejan"]
[Result "1/2-1/2"]
[WhiteElo "1965"]
[BlackElo "2222"]
[PlyCount "107"]
[EventDate "2017.09.08"]

1. e4 c6 2. Nf3 d5 3. e5 Bg4 4. h3 Bxf3 5. Qxf3 e6 6. d4 Qb6 7. c3 c5 8. dxc5
Bxc5 9. Qg3 Bf8 10. Bd3 Nc6 11. O-O g6 12. Re1 Nge7 13. b3 Nf5 14. Bxf5 gxf5
15. Be3 Qc7 16. f4 O-O-O 17. Rc1 Be7 18. Qf2 Rhg8 19. b4 Rg6 20. Kh1 Rdg8 21.
Rg1 f6 22. Bxa7 fxe5 23. Bb6 Qd7 24. b5 Nb8 25. a4 exf4 26. Nd2 e5 27. Nb3 Qe6
28. Bc5 Bd8 29. a5 Rg3 30. Bb4 d4 31. Nc5 Qd5 32. Kh2 Bh4 33. Qc2 d3 34. Qa2
Qxa2 35. Rxa2 e4 36. a6 bxa6 37. bxa6 Nxa6 38. Rxa6 d2 39. Ra8+ Kc7 40. Rxg8
Rxg8 41. Rd1 e3 42. Nd3 Kc6 43. c4 Bg3+ 44. Kh1 Rd8 45. Ne5+ Kb6 46. Nf3 Bf2
47. Bxd2 exd2 48. Rxd2 Rxd2 49. Nxd2 Kc5 50. Kh2 Kd4 51. h4 h5 52. Kh3 Kd3 53.
Nf3 Kxc4 54. Ng5 1/2-1/2

[Event "DRUGA LIGA CENTRALNE SRBIJE - ISTOK 2017"]
[Site "Srebrno jezero"]
[Date "2017.09.09"]
[Round "2.2"]
[White "Ostojic, Milos R"]
[Black "Stojanovic, Milorad"]
[Result "1-0"]
[WhiteElo "2071"]
[BlackElo "1922"]
[PlyCount "39"]
[EventDate "2017.09.08"]

1. e4 e5 2. Nf3 Nc6 3. Bc4 Bc5 4. c3 Nf6 5. d3 d6 6. Bg5 Be6 7. Nbd2 O-O 8. a4
a5 9. O-O h6 10. Bh4 g5 11. Bg3 Nh5 12. Nxe5 Nxg3 13. Nxc6 bxc6 14. hxg3 d5 15.
Ba2 f6 16. Re1 Qd7 17. Qc2 Qf7 18. Re2 f5 19. d4 Be7 20. exd5 1-0

[Event "DRUGA LIGA CENTRALNE SRBIJE - ISTOK 2017"]
[Site "Srebrno jezero"]
[Date "2017.09.09"]
[Round "2.2"]
[White "Stankovic, Darko*"]
[Black "Ivanovic, Veljko**"]
[Result "0-1"]
[WhiteElo "1912"]
[BlackElo "1962"]
[PlyCount "132"]
[EventDate "2017.09.08"]

1. d4 Nf6 2. Nf3 e6 3. Bf4 c5 4. e3 Qb6 5. b3 Nc6 6. c3 d5 7. h3 Be7 8. Bd3
cxd4 9. exd4 Bd7 10. Qe2 O-O 11. O-O Rfc8 12. Rc1 h6 13. Nbd2 Qd8 14. Rab1 a6
15. Rc2 b5 16. Ne5 Na5 17. Ndf3 Be8 18. Qd2 Ne4 19. Bxe4 dxe4 20. Nh2 g5 21.
Be3 f6 22. Neg4 h5 23. h4 hxg4 24. hxg5 f5 25. Rf1 Nb7 26. Bf4 Nd6 27. f3 exf3
28. gxf3 gxf3 29. Bxd6 Bxd6 30. Rxf3 Bg6 31. Qe1 Qd7 32. Rh3 Kg7 33. Nf3 Rh8
34. Ne5 Qe7 35. Nxg6 Kxg6 36. Rh6+ Rxh6 37. gxh6 Kxh6 38. Rg2 Kh7 39. Qe3 Qf6
40. Qf3 Ra7 41. Qc6 Bf4 42. d5 Rg7 43. dxe6 Rxg2+ 44. Kxg2 Bg5 45. Qxa6 Kg6 46.
Qxb5 Qxe6 47. Qd3 Qc6+ 48. Kf2 Bh4+ 49. Kg1 Bf6 50. c4 Qc5+ 51. Kg2 Qc6+ 52.
Kg1 Qc5+ 53. Kg2 Be7 54. a4 Bd6 55. Qc3 Be5 56. Qd3 Qa3 57. Kf3 Qc1 58. a5 Qh1+
59. Kf2 Qh2+ 60. Kf3 Qh3+ 61. Ke2 Qg2+ 62. Kd1 Qg1+ 63. Ke2 Bd4 64. Qd2 Qg4+
65. Ke1 Qe4+ 66. Kf1 Qf3+ 0-1

[Event "DRUGA LIGA CENTRALNE SRBIJE - ISTOK 2017"]
[Site "Srebrno jezero"]
[Date "2017.09.09"]
[Round "2.2"]
[White "Petrovic, Dusan**"]
[Black "Pavlovic, Andrija**"]
[Result "1-0"]
[WhiteElo "1873"]
[BlackElo "1665"]
[PlyCount "59"]
[EventDate "2017.09.08"]

1. Nf3 d5 2. e3 Nf6 3. b3 Bf5 4. Ba3 Nbd7 5. d4 c6 6. Nbd2 Qa5 7. Qc1 Qc3 8.
Be2 Qxc2 9. Qxc2 Bxc2 10. O-O e6 11. Bxf8 Nxf8 12. Rac1 Bg6 13. b4 N8d7 14. b5
cxb5 15. Rc7 O-O 16. Bxb5 Rfd8 17. Rxb7 Rab8 18. Rxb8 Rxb8 19. a4 Rc8 20. h3
Rc3 21. g4 Rc7 22. Nb3 h6 23. Nfd2 Ne4 24. Bxd7 Nxd2 25. Nxd2 Rxd7 26. Nb3 Rb7
27. Nc5 Rc7 28. f4 Bc2 29. Rc1 Be4 30. a5 1-0

[Event "DRUGA LIGA CENTRALNE SRBIJE - ISTOK 2017"]
[Site "Srebrno jezero"]
[Date "2017.09.09"]
[Round "2.3"]
[White "Trickovic, Borivoje"]
[Black "Todorovic, Nenad I**"]
[Result "1/2-1/2"]
[WhiteElo "2227"]
[BlackElo "2262"]
[PlyCount "72"]
[EventDate "2017.09.08"]

1. d4 Nf6 2. Bg5 d5 3. Nd2 g6 4. Bxf6 exf6 5. e3 Bd6 6. g3 f5 7. Bg2 c6 8. Ne2
Nd7 9. c4 dxc4 10. Nxc4 Bb4+ 11. Nc3 Nf6 12. O-O O-O 13. Ne5 Be6 14. Qc2 Re8
15. a3 Bxc3 16. bxc3 Bd5 17. c4 Bxg2 18. Kxg2 h5 19. Rab1 Rb8 20. Rb3 Kg7 21.
Qb2 Qc7 22. c5 Nd5 23. Nd3 Qd7 24. Rb1 Re7 25. Ne5 Qe6 26. Qc2 h4 27. Nf3 h3+
28. Kf1 f6 29. Nd2 f4 30. e4 fxg3 31. fxg3 Qg4 32. Qd3 Nf4 33. Qf3 Qxf3+ 34.
Nxf3 Ne6 35. Rb4 Rd7 36. Kf2 Kh6 1/2-1/2

[Event "DRUGA LIGA CENTRALNE SRBIJE - ISTOK 2017"]
[Site "Srebrno jezero"]
[Date "2017.09.09"]
[Round "2.3"]
[White "Grkovic, Vladan"]
[Black "Petrov, Georgi"]
[Result "1/2-1/2"]
[WhiteElo "2213"]
[BlackElo "2227"]
[PlyCount "36"]
[EventDate "2017.09.08"]

1. d4 Nf6 2. Nf3 d5 3. c4 e6 4. Nc3 c6 5. Bg5 Be7 6. e3 O-O 7. Qc2 Na6 8. a3
Nc7 9. Bd3 h6 10. Bf4 dxc4 11. Bxc4 Ncd5 12. Bg3 Nxc3 13. bxc3 b6 14. O-O Bb7
15. Rfd1 Qc8 16. e4 Rd8 17. Bh4 Qc7 18. Bg3 Qc8 1/2-1/2

[Event "DRUGA LIGA CENTRALNE SRBIJE - ISTOK 2017"]
[Site "Srebrno jezero"]
[Date "2017.09.09"]
[Round "2.3"]
[White "Mincic, Srbislav"]
[Black "Djordjevic, Danilo**"]
[Result "0-1"]
[WhiteElo "2191"]
[BlackElo "2125"]
[PlyCount "22"]
[EventDate "2017.09.08"]

1. e4 d5 2. exd5 Nf6 3. d4 Bg4 4. f3 Bf5 5. c4 e6 6. dxe6 Nc6 7. Be3 Bb4+ 8.
Nc3 Qe7 9. Qd2 O-O-O 10. O-O-O fxe6 11. a3 Na5 0-1

[Event "DRUGA LIGA CENTRALNE SRBIJE - ISTOK 2017"]
[Site "Srebrno jezero"]
[Date "2017.09.09"]
[Round "2.3"]
[White "Ristic, Boban"]
[Black "Tonic, Milos*"]
[Result "1/2-1/2"]
[WhiteElo "2030"]
[BlackElo "2021"]
[PlyCount "51"]
[EventDate "2017.09.08"]

1. d4 Nf6 2. Nf3 e6 3. Bf4 c5 4. c3 b6 5. e3 cxd4 6. exd4 Bb7 7. Nbd2 Be7 8. h3
d6 9. Be2 O-O 10. O-O Nbd7 11. a4 a6 12. Re1 Re8 13. Bf1 Bf8 14. g4 Qc7 15. Bg2
g6 16. Ng5 Bxg2 17. Kxg2 e5 18. dxe5 dxe5 19. Bg3 Qc6+ 20. Qf3 Qxf3+ 21. Ngxf3
e4 22. Nd4 Bh6 23. Nc4 Bf8 24. a5 b5 25. Nb6 Ra7 26. Nxd7 1/2-1/2

[Event "DRUGA LIGA CENTRALNE SRBIJE - ISTOK 2017"]
[Site "Srebrno jezero"]
[Date "2017.09.09"]
[Round "2.3"]
[White "Dimitrijevic, Dusan"]
[Black "Milosavljevic, Ivan"]
[Result "1-0"]
[WhiteElo "2109"]
[BlackElo "2063"]
[PlyCount "47"]
[EventDate "2017.09.08"]

1. e4 e5 2. Nf3 Nc6 3. Bb5 Bc5 4. O-O d6 5. h3 Nf6 6. Re1 O-O 7. c3 h6 8. d4
exd4 9. cxd4 Bb6 10. Nc3 Nh7 11. a4 a6 12. Bc4 Ng5 13. Nxg5 hxg5 14. Be3 g6 15.
Qd2 Kh7 16. Bxg5 f6 17. Be3 Qe8 18. Nd5 Qxe4 19. Nxb6 cxb6 20. Bh6 Qh4 21. Bxf8
Bxh3 22. g3 Qh5 23. Be2 Qd5 24. Qh6+ 1-0

[Event "DRUGA LIGA CENTRALNE SRBIJE - ISTOK 2017"]
[Site "Srebrno jezero"]
[Date "2017.09.09"]
[Round "2.3"]
[White "Velickovic, Dusan*"]
[Black "Stanojevic, Ilija**"]
[Result "0-1"]
[WhiteElo "1970"]
[BlackElo "2056"]
[PlyCount "84"]
[EventDate "2017.09.08"]

1. c4 e5 2. b3 Nc6 3. Bb2 a5 4. Nc3 Nf6 5. g3 Bc5 6. Bg2 d6 7. h3 Bf5 8. a3 O-O
9. d3 Re8 10. e3 Rb8 11. Nge2 h6 12. Qd2 Ne7 13. d4 exd4 14. Nxd4 Bh7 15. O-O
Nf5 16. Nxf5 Bxf5 17. Na4 Ne4 18. Bxe4 Bxe4 19. Nxc5 dxc5 20. Qxa5 Qd7 21. Kh2
Qf5 22. f4 Bc6 23. Qc3 f6 24. Rae1 Rbd8 25. Bc1 Qe4 26. Qb2 Rd3 27. Rf2 Red8
28. Qe2 Rxb3 29. Rd1 Rxd1 30. Qxd1 Rd3 31. Qe1 Qxc4 32. Rd2 Qe4 33. Rf2 c4 34.
g4 b5 35. h4 Bd5 36. Kg3 c5 37. g5 c3 38. gxh6 gxh6 39. Kh2 b4 40. axb4 cxb4
41. Qg1+ Kf7 42. f5 Qxh4# 0-1

[Event "DRUGA LIGA CENTRALNE SRBIJE - ISTOK 2017"]
[Site "Srebrno jezero"]
[Date "2017.09.09"]
[Round "2.3"]
[White "Mitic, Ivan M"]
[Black "Bogdanovic, Dragan"]
[Result "1-0"]
[WhiteElo "1933"]
[BlackElo "1941"]
[PlyCount "67"]
[EventDate "2017.09.08"]

1. e4 d6 2. Nf3 g6 3. Bc4 Bg7 4. O-O Nf6 5. d3 O-O 6. h3 a6 7. a3 b5 8. Ba2 Bb7
9. Nc3 c6 10. Ne2 Nbd7 11. Ng3 Qc7 12. c3 d5 13. exd5 cxd5 14. d4 e6 15. Re1
Rad8 16. Bg5 h6 17. Bxf6 Nxf6 18. Ne5 Ne4 19. Nxe4 dxe4 20. Ng4 Qf4 21. g3 Qc7
22. Qe2 h5 23. Ne3 Bh6 24. Rad1 Qa5 25. Bb3 Qc7 26. Qc2 Bd5 27. Ra1 f5 28. a4
f4 29. Nxd5 exd5 30. Qxe4 fxg3 31. Qxg6+ Bg7 32. fxg3 Rf6 33. Re8+ Rxe8 34.
Qxe8+ 1-0